[Event "zonal 1.2a"]
[Site "Graz AUT"]
[Date "1993.03.??"]
[Round "10"]
[White "Zuger, Beat"]
[Black "Gostisa, Leon"]
[Result "0-1"]
[WhiteElo "2415"]
[BlackElo "2460"]
[EventDate "1993.03.09"]
[PlyCount "79"]

1.d4 Nf6 2.c4 e6 3.Nf3 Bb4+ 4.Bd2 c5 5.Bxb4 cxb4 6.g3 b6 7.Bg2 Bb7 8.O-O 
a5 9.a3 Na6 10.Nbd2 O-O 11.Qb3 d6 12.Rfd1 Qe7 13.Ne1 Bxg2 14.Nxg2 Qb7 15.
Ne3 Rfc8 16.Nc2 bxa3 17.bxa3 d5 18.Rab1 Rab8 19.Ne3 Qd7 20.cxd5 exd5 21.
Nf3 b5 22.Ne5 Qd6 23.Rdc1 Nc5 24.Rxc5 Rxc5 25.dxc5 Qxe5 26.Qb2 d4 27.Nc4 
Qxc5 28.Nxa5 Ne4 29.Nb3 Qf5 30.Qxd4 Nxg3 31.Rb2 Ne4 32.f3 Ng5 33.Rd2 h6 
34.Nc5 Rc8 35.Nd3 Rc4 36.Qd8+ Kh7 37.Nf2 Qc5 38.Qd3+ g6 39.Kg2 Ne6 40.Qd7 
0-1

[Event "zonal 1.2a"]
[Site "Graz AUT"]
[Date "1993.03.??"]
[Round "11"]
[White "Frick, Renato"]
[Black "Wirthensohn, Heinz"]
[Result "1/2-1/2"]
[WhiteElo "2220"]
[BlackElo "2400"]
[EventDate "1993.03.09"]
[PlyCount "78"]

1.e4 c5 2.Nf3 Nc6 3.d4 cxd4 4.Nxd4 e5 5.Nb5 d6 6.N1c3 a6 7.Na3 Be7 8.Nd5 
Nf6 9.Nxf6+ gxf6 10.c3 f5 11.exf5 d5 12.Nc2 Bxf5 13.Bd3 e4 14.Be2 Rg8 15.
g3 Bc5 16.Be3 Bxe3 17.Nxe3 Be6 18.f4 f5 19.Qb3 Qd7 20.Bh5+ Kf8 21.Rd1 Rd8 
22.Qb6 Kg7 23.Kf2 Qe7 24.Be2 Rd6 25.Qc5 Rgd8 26.Nc2 Nb8 27.Qe3 Nd7 28.Rd2 
Nf6 29.Nd4 Bc8 30.h3 Kh8 31.Rdd1 Qc7 32.Rdg1 Rg8 33.Rg2 Rg7 34.Rd1 h5 35.
Rc1 Qd8 36.Re1 Qb6 37.Rb1 Qd8 38.Re1 Qb6 39.Rb1 Qd8 1/2-1/2

[Event "zonal 1.2a"]
[Site "Graz AUT"]
[Date "1993.03.??"]
[Round "11"]
[White "Gostisa, Leon"]
[Black "Holzl, Franz"]
[Result "0-1"]
[WhiteElo "2460"]
[BlackElo "2385"]
[EventDate "1993.03.09"]
[PlyCount "62"]

1.d4 Nf6 2.Nf3 e6 3.c4 d5 4.Nc3 dxc4 5.e3 a6 6.Bxc4 b5 7.Bb3 Bb7 8.O-O c5 
9.Qe2 Nbd7 10.Rd1 Qb8 11.Bc2 Bd6 12.h3 O-O 13.b3 Rc8 14.Bb2 Bxf3 15.gxf3 
cxd4 16.exd4 Nd5 17.Nxd5 exd5 18.a4 bxa4 19.Rxa4 Qc7 20.Bf5 g6 21.Bxd7 
Qxd7 22.Rxa6 Rxa6 23.Qxa6 Rc2 24.Bc1 Bg3 25.Kg2 Bxf2 26.Bd2 Bh4 27.Qd3 Qc7
28.Kh1 Qg3 29.Qf1 Be7 30.Qe2 Qxh3+ 31.Kg1 Bd6 0-1

[Event "zonal 1.2a"]
[Site "Graz AUT"]
[Date "1993.03.??"]
[Round "11"]
[White "Grosar, Aljosa"]
[Black "Schlosser, Philipp"]
[Result "1-0"]
[WhiteElo "2480"]
[BlackElo "2520"]
[EventDate "1993.03.09"]
[PlyCount "81"]

1.e4 c5 2.Nf3 e6 3.c3 d5 4.e5 d4 5.Bd3 Bd7 6.O-O Bc6 7.Re1 Ne7 8.Na3 Ng6 
9.Bxg6 hxg6 10.cxd4 cxd4 11.d3 Bb4 12.Bg5 Qd7 13.Nd2 Qd5 14.Qg4 Nd7 15.
Nac4 b5 16.Nd6+ Bxd6 17.exd6 Ne5 18.Qg3 Nxd3 19.d7+ Kxd7 20.Re4 f5 21.Re2 
f4 22.Qg4 Ne5 23.Rxe5 Qxe5 24.Bxf4 Qf5 25.Qg3 Rac8 26.Nb3 g5 27.Be5 Rh4 
28.Nxd4 Qe4 29.Nxc6 Rxc6 30.Rd1+ Kc8 31.Qxg5 Rg4 32.Qd8+ Kb7 33.Bg3 Qc2 
34.h3 Rgc4 35.Rd7+ Ka6 36.Qb8 Ka5 37.Rxa7+ Ra6 38.Qd8+ Kb4 39.Rxa6 Qxb2 
40.Qa5+ Kc5 41.Bd6+ 1-0

[Event "zonal 1.2a"]
[Site "Graz AUT"]
[Date "1993.03.??"]
[Round "11"]
[White "Lutz, Christopher"]
[Black "Zuger, Beat"]
[Result "1/2-1/2"]
[WhiteElo "2550"]
[BlackElo "2415"]
[EventDate "1993.03.09"]
[PlyCount "58"]

1.d4 Nf6 2.c4 g6 3.Nc3 Bg7 4.e4 d6 5.Nf3 Bg4 6.Be2 O-O 7.Be3 Nfd7 8.h4 
Bxf3 9.Bxf3 Nc6 10.Ne2 Na5 11.Rc1 c5 12.h5 Nc6 13.hxg6 hxg6 14.Kf1 cxd4 
15.Nxd4 Qa5 16.a3 Qe5 17.Nxc6 bxc6 18.Rb1 Rab8 19.b3 Rb7 20.Qc2 Rfb8 21.
Ke2 a5 22.Rhc1 Nc5 23.Bxc5 Qxc5 24.Qa2 Bd4 25.Kf1 Kg7 26.g3 e5 27.Kg2 Rh8 
28.Rh1 Rxh1 29.Rxh1 Rb8 1/2-1/2

[Event "zonal 1.2a"]
[Site "Graz AUT"]
[Date "1993.03.??"]
[Round "11"]
[White "Schroll, Gerhard"]
[Black "Bonsch, Uwe"]
[Result "1/2-1/2"]
[WhiteElo "2420"]
[BlackElo "2490"]
[EventDate "1993.03.09"]
[PlyCount "123"]

1.d4 Nf6 2.c4 e6 3.Nf3 Bb4+ 4.Bd2 Qe7 5.g3 O-O 6.Bg2 Bxd2+ 7.Qxd2 d5 8.Qc2
c6 9.O-O Nbd7 10.Nbd2 b6 11.e4 dxe4 12.Nxe4 Nxe4 13.Qxe4 Bb7 14.Rad1 Rfd8 
15.Rd2 Nf6 16.Qe3 Qc7 17.Rc1 c5 18.Rcd1 cxd4 19.Rxd4 Rxd4 20.Qxd4 Bxf3 21.
Bxf3 Rc8 22.b3 Kf8 23.Qb2 Qc5 24.Qd2 g5 25.h3 h6 26.Kg2 Rc7 27.Qd8+ Kg7 
28.Rd4 Rc8 29.Qd6 Qxd6 30.Rxd6 Kf8 31.Kf1 Ke7 32.Rd2 Nd7 33.Be4 f5 34.Bc2 
Ne5 35.Ke2 h5 36.Ke3 g4 37.h4 Nf3 38.Rd1 Rc5 39.Kd3 Re5 40.b4 Re4 41.Bb3 
Nd4 42.Rd2 e5 43.Bd1 Kd6 44.Be2 Kc7 45.Rb2 a6 46.a3 b5 47.c5 Kc6 48.Rd2 
Kd5 49.Bd1 Re1 50.Kc3 Kc6 51.Bb3 f4 52.Bf7 fxg3 53.fxg3 Re3+ 54.Rd3 Ne2+ 
55.Kd2 Rxd3+ 56.Kxd3 Nxg3 57.Bg6 Kd5 58.Ke3 e4 59.c6 Kxc6 60.Kf2 Nh1+ 61.
Kg1 Ng3 62.Kf2 1/2-1/2

[Event "zonal 1.2a"]
[Site "Graz AUT"]
[Date "1993.03.??"]
[Round "11"]
[White "Wach, Markus"]
[Black "Lobron, Eric"]
[Result "1/2-1/2"]
[WhiteElo "2330"]
[BlackElo "2620"]
[EventDate "1993.03.09"]
[PlyCount "92"]

1.e4 c6 2.d4 d5 3.exd5 cxd5 4.c4 Nf6 5.Nc3 Nc6 6.Nf3 Bg4 7.cxd5 Nxd5 8.Qb3
Nb6 9.Ne5 Be6 10.d5 Bxd5 11.Nxd5 Qxd5 12.Qxd5 Nxd5 13.Bb5 Rc8 14.Bd2 f6 
15.Nxc6 bxc6 16.Rc1 Kd7 17.Ba4 e6 18.Ke2 Nb6 19.Bb3 Bd6 20.Rc2 c5 21.Rhc1 
Rc7 22.Ba5 Ke7 23.g3 g5 24.Bc4 Rb7 25.Rd2 Nxc4 26.Rxc4 h5 27.Bc3 Rd8 28.b3
Rdd7 29.Rc2 Rdc7 30.Bd2 Kd7 31.f4 g4 32.Bc3 Ke7 33.Ke3 Rd7 34.Ke2 e5 35.f5
Rd8 36.Bd2 Kf7 37.Be3 Kg7 38.Rd2 Rbd7 39.Rd5 Be7 40.Rxd7 Rxd7 41.Ra4 Kf7 
42.Ra6 Ke8 43.Rc6 Rd5 44.Ra6 Rd7 45.Rc6 Rd5 46.Ra6 Rd7 1/2-1/2

[Event "zonal 1.2a"]
[Site "Graz AUT"]
[Date "1993.03.??"]
[Round "12"]
[White "Bonsch, Uwe"]
[Black "Frick, Renato"]
[Result "1/2-1/2"]
[WhiteElo "2490"]
[BlackElo "2220"]
[EventDate "1993.03.09"]
[PlyCount "99"]

1.d4 Nf6 2.c4 g6 3.Nc3 Bg7 4.e4 d6 5.Be2 O-O 6.Bg5 c5 7.dxc5 dxc5 8.Qxd8 
Rxd8 9.e5 Nfd7 10.Nf3 Nc6 11.Rd1 h6 12.Be3 b6 13.e6 fxe6 14.Nb5 Kf7 15.O-O
Bb7 16.Nh4 Nf8 17.Bf3 a6 18.Nc3 Rxd1 19.Rxd1 Rd8 20.Rc1 Na5 21.Bxb7 Nxb7 
22.Kf1 Nd6 23.Na4 Rb8 24.Nf3 Nd7 25.g4 e5 26.Nd2 e6 27.h3 Ke7 28.f3 Nf7 
29.Ne4 Nd8 30.Rd1 Nc6 31.Rd6 Nd4 32.Bxd4 exd4 33.Rc6 Be5 34.Ke2 Bf4 35.b3 
g5 36.Nb2 Nf8 37.Na4 Nd7 38.Nf2 Rb7 39.Rc8 Rb8 40.Rc6 Rb7 41.Rc8 Nf8 42.
Ne4 a5 43.Nb2 Rb8 44.Rxb8 Bxb8 45.Nd3 Ng6 46.a4 Bf4 47.Nef2 Bg3 48.Ne4 Bf4
49.Nef2 Bg3 50.Ne4 1/2-1/2

[Event "zonal 1.2a"]
[Site "Graz AUT"]
[Date "1993.03.??"]
[Round "12"]
[White "Grosar, Aljosa"]
[Black "Lendwai, Reinhard"]
[Result "1/2-1/2"]
[WhiteElo "2480"]
[BlackElo "2410"]
[EventDate "1993.03.09"]
[PlyCount "72"]

1.e4 c5 2.Nf3 d6 3.d4 cxd4 4.Nxd4 Nf6 5.Nc3 Nc6 6.f3 e5 7.Nb3 Be6 8.Nd5 
Bxd5 9.exd5 Nb8 10.Be3 Be7 11.Be2 O-O 12.O-O Nh5 13.g3 Nd7 14.Qd2 Re8 15.
Na5 Qc7 16.c4 b6 17.Nc6 Bf8 18.b4 g6 19.Rac1 f5 20.f4 exf4 21.gxf4 Ndf6 
22.Bf3 Bh6 23.Nd4 Ne4 24.Bxe4 Rxe4 25.Ne6 Qe7 26.c5 bxc5 27.bxc5 dxc5 28.
Rxc5 Re8 29.Qc1 Qh4 30.Rc8 Qg4+ 31.Kh1 Ng3+ 32.hxg3 Qh3+ 33.Kg1 Qxg3+ 34.
Kh1 Qh3+ 35.Kg1 Qg3+ 36.Kh1 Qh3+ 1/2-1/2

[Event "zonal 1.2a"]
[Site "Graz AUT"]
[Date "1993.03.??"]
[Round "12"]
[White "Holzl, Franz"]
[Black "Lutz, Christopher"]
[Result "1/2-1/2"]
[WhiteElo "2385"]
[BlackElo "2550"]
[EventDate "1993.03.09"]
[PlyCount "71"]

1.c4 e5 2.g3 Nf6 3.Bg2 d5 4.cxd5 Nxd5 5.Nf3 Nc6 6.O-O Nb6 7.d3 Be7 8.a3 
O-O 9.Nbd2 a5 10.b3 f5 11.Bb2 Bf6 12.b4 Nd4 13.Nxd4 exd4 14.Nc4 Nxc4 15.
dxc4 axb4 16.axb4 Rxa1 17.Qxa1 Re8 18.Bf3 Be6 19.Rc1 c6 20.Qa7 Qd7 21.Qb6 
f4 22.b5 fxg3 23.hxg3 Rc8 24.Kg2 cxb5 25.cxb5 Rxc1 26.Bxc1 Bd5 27.Qc5 
Bxf3+ 28.Kxf3 Qe6 29.g4 h6 30.Qf5 Qb3+ 31.Kg2 Qc4 32.Bxh6 Qxe2 33.Bf4 d3 
34.g5 Bd4 35.Qd5+ Kh7 36.Qxd4 1/2-1/2

[Event "zonal 1.2a"]
[Site "Graz AUT"]
[Date "1993.03.??"]
[Round "12"]
[White "Lobron, Eric"]
[Black "Schroll, Gerhard"]
[Result "1-0"]
[WhiteElo "2620"]
[BlackElo "2420"]
[EventDate "1993.03.09"]
[PlyCount "69"]

1.d4 Nf6 2.Nf3 e6 3.c4 b6 4.g3 Bb7 5.Bg2 Be7 6.Nc3 Ne4 7.Nxe4 Bxe4 8.O-O 
O-O 9.Bf4 d6 10.Qb3 Nd7 11.Rfd1 Qc8 12.Rac1 Qb7 13.Ne1 Bxg2 14.Nxg2 Rfd8 
15.d5 Nc5 16.Qc2 a5 17.b3 c6 18.dxe6 fxe6 19.Be3 e5 20.Bxc5 bxc5 21.Qe4 a4
22.Rc3 axb3 23.Rxb3 Qd7 24.a3 Ra7 25.Ne3 g6 26.h4 Rda8 27.Rdb1 Bd8 28.Kg2 
Rxa3 29.Rb7 Bc7 30.h5 Kg7 31.hxg6 hxg6 32.Rh1 Ra1 33.Qg4 Qf7 34.Rxa1 Rxa1 
35.Qc8 1-0

[Event "zonal 1.2a"]
[Site "Graz AUT"]
[Date "1993.03.??"]
[Round "12"]
[White "Schlosser, Philipp"]
[Black "Zuger, Beat"]
[Result "1/2-1/2"]
[WhiteElo "2520"]
[BlackElo "2415"]
[EventDate "1993.03.09"]
[PlyCount "59"]

1.d4 Nf6 2.Nf3 g6 3.c4 Bg7 4.Nc3 O-O 5.e4 d6 6.Be2 Bg4 7.Be3 Nfd7 8.h4 
Bxf3 9.Bxf3 Nc6 10.d5 Na5 11.Be2 Nb6 12.Bd4 Bxd4 13.Qxd4 c5 14.dxc6 Nxc6 
15.Qe3 e5 16.O-O-O Nd4 17.Kb1 Qe7 18.h5 g5 19.b3 a5 20.Nb5 Nxb5 21.cxb5 
Nd7 22.Rd5 Nc5 23.Rhd1 Rfd8 24.Bc4 a4 25.f3 axb3 26.axb3 b6 27.Qd2 Qa7 28.
Qb2 Qe7 29.Qd2 Qa7 30.Qb2 1/2-1/2

[Event "zonal 1.2a"]
[Site "Graz AUT"]
[Date "1993.03.??"]
[Round "13"]
[White "Frick, Renato"]
[Black "Lobron, Eric"]
[Result "0-1"]
[WhiteElo "2220"]
[BlackElo "2620"]
[EventDate "1993.03.09"]
[PlyCount "62"]

1.e4 c6 2.c4 e5 3.Nf3 d6 4.Be2 Nf6 5.Nc3 Nbd7 6.O-O Be7 7.d4 a6 8.a3 O-O 
9.Qc2 Re8 10.dxe5 dxe5 11.Rd1 Qc7 12.b4 a5 13.Rb1 axb4 14.axb4 Nf8 15.h3 
Be6 16.Be3 Ra3 17.Qb2 Rea8 18.Bc1 R3a7 19.b5 Ra5 20.bxc6 bxc6 21.Qb7 Qxb7 
22.Rxb7 Bc5 23.Kf1 N8d7 24.Bb2 h6 25.Nd2 R5a7 26.Rxa7 Rxa7 27.Nb3 Bxf2 28.
Kxf2 Rb7 29.Na5 Rxb2 30.Nxc6 Bxc4 31.Ke3 Rc2 0-1

[Event "zonal 1.2a"]
[Site "Graz AUT"]
[Date "1993.03.??"]
[Round "13"]
[White "Gostisa, Leon"]
[Black "Bonsch, Uwe"]
[Result "1/2-1/2"]
[WhiteElo "2460"]
[BlackElo "2490"]
[EventDate "1993.03.09"]
[PlyCount "109"]

1.d4 d5 2.Nf3 Nf6 3.g3 c6 4.Bg2 Bf5 5.O-O h6 6.c4 e6 7.Nc3 Be7 8.Qb3 Qc8 
9.Ne5 O-O 10.Bf4 Nfd7 11.e4 dxe4 12.Nxe4 Nxe5 13.Bxe5 Bxe4 14.Bxe4 Nd7 15.
Bf4 Rd8 16.Rad1 Nf6 17.Bg2 Rd7 18.Rd3 Qd8 19.Rfd1 Qb6 20.h3 Qxb3 21.Rxb3 
Rad8 22.Rc1 Ne8 23.Be3 a6 24.Bf3 Bg5 25.Rb6 Rc8 26.Rc3 Nd6 27.Bg4 Bxe3 28.
fxe3 Ne4 29.Rcb3 f5 30.Bd1 Rcc7 31.g4 Nc5 32.Ra3 e5 33.b4 Ne4 34.Rd3 exd4 
35.exd4 fxg4 36.Bxg4 Re7 37.d5 cxd5 38.cxd5 Rc1+ 39.Rd1 Rxd1+ 40.Bxd1 Kf8 
41.Bg4 Re5 42.d6 Rd5 43.d7 Nf6 44.Bf3 Rxd7 45.Rxb7 Rd3 46.Be2 Rxh3 47.Bxa6
g5 48.a4 Ra3 49.a5 Nd5 50.Bc4 Nxb4 51.Rxb4 Rxa5 52.Rb6 Kg7 53.Bd3 Rd5 54.
Rg6+ Kf7 55.Bc4 1/2-1/2

[Event "zonal 1.2a"]
[Site "Graz AUT"]
[Date "1993.03.??"]
[Round "13"]
[White "Lutz, Christopher"]
[Black "Wirthensohn, Heinz"]
[Result "1/2-1/2"]
[WhiteElo "2550"]
[BlackElo "2400"]
[EventDate "1993.03.09"]
[PlyCount "51"]

1.d4 Nf6 2.c4 e6 3.Nc3 Bb4 4.Qc2 O-O 5.a3 Bxc3+ 6.Qxc3 b6 7.Bg5 Ba6 8.Rc1 
d6 9.Nf3 Nbd7 10.e3 c5 11.Be2 Rc8 12.dxc5 Nxc5 13.Bxf6 Qxf6 14.Qxf6 gxf6 
15.b4 Ne4 16.Nd2 Nxd2 17.Kxd2 Rc7 18.Rc3 Rfc8 19.Rhc1 Kf8 20.Bd3 f5 21.h3 
h6 22.g4 fxg4 23.hxg4 Bb7 24.Be2 Bc6 25.f3 e5 26.R1c2 1/2-1/2

[Event "zonal 1.2a"]
[Site "Graz AUT"]
[Date "1993.03.??"]
[Round "13"]
[White "Wach, Markus"]
[Black "Grosar, Aljosa"]
[Result "0-1"]
[WhiteElo "2330"]
[BlackElo "2480"]
[EventDate "1993.03.09"]
[PlyCount "56"]

1.e4 c5 2.d4 cxd4 3.c3 dxc3 4.Nxc3 Nc6 5.Nf3 e6 6.Bc4 Qc7 7.O-O Nf6 8.Qe2 
Ng4 9.g3 Bc5 10.Bf4 d6 11.a3 Nge5 12.b4 Bb6 13.Nb5 Qe7 14.Rfd1 O-O 15.Nxd6
Nxf3+ 16.Qxf3 Nd4 17.Qd3 e5 18.Nxc8 Raxc8 19.Be3 Rfd8 20.Qf1 Qf6 21.Rac1 
Qf3 22.Bxd4 Bxd4 23.Bd5 Qxa3 24.Rxc8 Rxc8 25.Qh3 Rf8 26.Qd7 Qxb4 27.Rc1 g6
28.Rc2 Qb1+ 0-1

[Event "zonal 1.2a"]
[Site "Graz AUT"]
[Date "1993.03.??"]
[Round "13"]
[White "Zuger, Beat"]
[Black "Holzl, Franz"]
[Result "0-1"]
[WhiteElo "2415"]
[BlackElo "2385"]
[EventDate "1993.03.09"]
[PlyCount "104"]

1.d4 Nf6 2.c4 e6 3.Nf3 d5 4.Nc3 dxc4 5.e4 Bb4 6.Bg5 c5 7.Bxc4 cxd4 8.Nxd4 
Bxc3+ 9.bxc3 Qa5 10.Bb5+ Nbd7 11.Bxf6 Qxc3+ 12.Kf1 gxf6 13.Nf5 Kf8 14.Rc1 
Qa3 15.Nd6 Ne5 16.Rxc8+ Rxc8 17.Nxc8 a6 18.h4 Qc5 19.Qd6+ Qxd6 20.Nxd6 Ke7
21.f4 Ng6 22.Nxb7 axb5 23.g3 Rb8 24.Nc5 Rc8 25.Nd3 Rc2 26.a3 Ra2 27.Nc1 
Rc2 28.Ne2 e5 29.f5 Nf8 30.Kf2 Rb2 31.Rc1 Nd7 32.Ke3 Kd6 33.Rd1+ Kc6 34.
Nc3 Rb3 35.Rc1 Nc5 36.Ke2 Rxa3 37.Nd5 Rxg3 38.Nxf6 b4 39.Nxh7 b3 40.Nf6 
Kb5 41.h5 b2 42.Rb1 Na4 43.Kf2 Rc3 44.h6 Rc2+ 45.Kf3 Rc1 46.h7 Rxb1 47.
h8=Q Rf1+ 48.Kg2 b1=Q 49.Qe8+ Kb4 50.Nd5+ Ka3 51.Qe7+ Ka2 52.Nb4+ Kb3 0-1